| 000 | 01079nam a22002657a 4500 | ||
|---|---|---|---|
| 001 | 10082 | ||
| 003 | FISKH | ||
| 005 | 20260407092722.0 | ||
| 008 | 260407b cb ||||| |||| 00| 0 eng d | ||
| 040 |
_aFISKH _beng _cFISKH _dFISKH |
||
| 050 | _aPZ7.G18267 | ||
| 082 | _a813.54 | ||
| 100 | _aGarden, Nancy | ||
| 245 |
_aMaria's mountain : _cby Nancy Garden ; Pictures by Barbara Bascove |
||
| 260 |
_aMassachusetts : _bHoughton Miffline, _c1981. |
||
| 300 |
_a24 pages : _bcolor illustrations ; _c24 cm |
||
| 505 | _aP | ||
| 520 | _aMaria loves the mountain where she lives and feels deeply connected to nature, family, and home. When changes and challenges affect her life, Maria must find courage, strength, and understanding as she learns more about herself and the world around her. This story explores family, identity, emotions, and growing up. | ||
| 521 | 8 |
_a650
_bLexile estimate |
|
| 521 | 8 |
_aP
_bRaz-Plus |
|
| 650 |
_aFamily life _vJuvenile Literature _xMountains |
||
| 651 |
_aNature _vJuvenile Literature |
||
| 942 |
_2ddc _cBK _n0 |
||
| 999 |
_c10082 _d10082 |
||